Artists with Most Gold Albums - Statistics

General Stats
  • This quiz has been taken 57 times
  • The average score is 6 of 22
Answer Stats
# Answer % Correct
48 The Beatles
100%
43 The Rolling Stones
92%
90 Elvis Presley
70%
37 Elton John
52%
34 Frank Sinatra
46%
33 Bob Dylan
38%
22 AC/DC
34%
22 Bruce Springsteen
26%
51 Barbra Streisand
24%
25 Aerosmith
22%
40 Neil Diamond
18%
26 KISS
16%
27 Rod Stewart
14%
24 Rush
14%
23 Chicago
10%
23 Hank Williams, Jr
10%
28 Kenny Rogers
8%
23 Eric Clapton
6%
27 Reba McEntire
6%
24 Barry Manilow
2%
39 George Strait
2%
22 Alabama
0%
No matching quizzes found
Score Distribution
Percent of People with Each Score
Percentile by Number Answered
Your Score History
You have not taken this quiz